| 000 | 00932nas a2200313 4500 | ||
|---|---|---|---|
| 001 | BR0501714 | ||
| 003 | BR-BrBNA | ||
| 005 | 20231205105301.0 | ||
| 007 | ta | ||
| 008 | 230509b bl.|||p| |||| 00| 00por d | ||
| 040 |
_aBR-BrBNA _bpor _cBiblioteca Nacional de Agricultura |
||
| 041 | _a(Pt) | ||
| 072 | _aF04; F06 | ||
| 100 | 1 | _aRamos, A. | |
| 100 | 1 | _aBovi, M.L.A. | |
| 100 | 1 | _aFolegatti, M.V. | |
| 100 | 1 | _aDiotto, A.V. | |
| 245 | 1 | _aEfeitos da fertirrigação sobre a produção de palmito da pupunheira | |
| 650 | _aPUPUNHA | ||
| 650 | _aBACTRIS GASIPAES | ||
| 650 | _aFERTILIZANTE NITROGENADO | ||
| 650 | _aIRRIGAÇÃO POR GOTEJAMENTO | ||
| 650 | _aPRODUÇÃO VEGETAL | ||
| 650 | _aPRODUTIVIDADE | ||
| 650 | _aSÃO PAULO | ||
| 773 | 0 |
_tHorticultura Brasileira (Brazil) _xISSN 0102-0536 _g(Oct-Dec 2004), v. 22(4) p. 734-739 _wBR0501714 |
|
| 909 |
_a202311 _bLúcia _c55 _dLúcia Elande |
||
| 942 |
_2AGRIS _n0 _cANA |
||
| 999 |
_c182172 _d182172 |
||